UM Logo

Delmar's critical care: (Record no. 3454)

MARC details
000 -LEADER
fixed length control field 00560nam a22001697a 4500
008 - FIXED-LENGTH DATA ELEMENTS--GENERAL INFORMATION
fixed length control field 160716b xxu||||| |||| 00| 0 eng d
020 ## - INTERNATIONAL STANDARD BOOK NUMBER
International Standard Book Number 9-81265216-7
082 ## - DEWEY DECIMAL CLASSIFICATION NUMBER
Edition number 2005
Classification number DC 610.7361
Item number Co73d
100 ## - MAIN ENTRY--PERSONAL NAME
9 (RLIN) 11529
Personal name Comer, Sheree
245 ## - TITLE STATEMENT
Title Delmar's critical care:
Remainder of title nursing care plans/
Statement of responsibility, etc. Sheree Comer.
250 ## - EDITION STATEMENT
Edition statement 2nd edition
260 ## - PUBLICATION, DISTRIBUTION, ETC. (IMPRINT)
Place of publication, distribution, etc. Australia:
Name of publisher, distributor, etc. Thomson Delmar Learning,
Date of publication, distribution, etc. c2005.
300 ## - PHYSICAL DESCRIPTION
Extent xiv, 417 pages;
Dimensions 25 cm.
500 ## - GENERAL NOTE
General note Includes bibliographical references and index.<br/>
650 #0 - SUBJECT ADDED ENTRY--TOPICAL TERM
9 (RLIN) 11530
Topical term or geographic name as entry element Intensive care nursing
942 ## - ADDED ENTRY ELEMENTS (KOHA)
Source of classification or shelving scheme Dewey Decimal Classification
Koha item type Circulation
Holdings
Withdrawn status Lost status Source of classification or shelving scheme Damaged status Not for loan Collection code Home library Current library Date acquired Source of acquisition Total Checkouts Full call number Barcode Date last seen Copy number Price effective from Koha item type
    Dewey Decimal Classification     Circulation UM Digos College - LIC UM Digos College - LIC 11/25/2005 Purchased   DC 610.7361 Co73d 2005 18368 04/14/2025 1 07/16/2016 Circulation
    Dewey Decimal Classification     Circulation UM Digos College - LIC UM Digos College - LIC 11/25/2005     DC 610.7361 Co73d 2005 18369 04/14/2025 2 07/25/2016 Circulation